|
|
|
|
| LEADER |
00000nkm a2200000 a 4500 |
| 001 |
vtls011899485 |
| 003 |
SK-MaSNL |
| 005 |
20260512124838.0 |
| 007 |
kp ao |
| 008 |
240703s1927 xo g kuslo |
| 015 |
|
|
|a SNBG1927
|
| 035 |
|
|
|a urn:nbn:sk:snk-km00ec2g
|
| 035 |
|
|
|a urn:nbn:sk:snk-km43f3r
|
| 035 |
|
|
|a 66AEB4E0-90C3-4235-A3FC-09E5F552FCBA
|
| 040 |
|
|
|a SNK
|b slo
|c SNK
|e AACR2
|
| 041 |
0 |
|
|a slo
|
| 043 |
|
|
|a e-xo---
|
| 044 |
|
|
|a xo
|c SK
|
| 072 |
|
7 |
|a 913
|x Regionálna geografia
|2 konspekt
|
| 080 |
|
|
|a 913(437.6)
|2 2011
|
| 080 |
|
|
|a 728.5
|2 2011
|
| 080 |
|
|
|a 711.455:615.838
|2 2011
|
| 080 |
|
|
|a (084.121)
|2 2011
|
| 080 |
|
|
|a 640.412
|2 2011
|
| 245 |
0 |
0 |
|a Bardiov Kúpele
|h grafika
|b Hotel "Slavia"
|
| 260 |
|
|
|a V Bardiove
|b Vilma Abrahamovičová
|c 1927
|e [Prešov]
|f Lichtig
|
| 300 |
|
|
|a 1 pohľadnica
|b tónovaná do zelena
|c 9 x 14 cm
|
| 500 |
|
|
|a Na adresnej časti uvedené: "44"
|
| 500 |
|
|
|a Na adresnej časti uvedené: "Fabrication Française"
|
| 520 |
8 |
|
|a Zobrazenie: V bielom orámovaní pohľad z parku, z trávnika na priečelie budovy hotela, ktorý má na streche nápis "Slávia". Pred vchodom sú kríky a vpravo od budovy sú stromy. Vpravo od kríkov je koč s koňom. Vpravo v parku sú dva kruhové, kvetinové záhony za sebou a za nimi je podstavec s rastlinou. V popredí v strede, pri trávniku je lavička so sediacim mužom a ženou, ktorá sa usmieva. Na lavičke opodiaľ sedí muž. Vľavo je rad stromov
|
| 610 |
2 |
7 |
|a Bardejovské Kúpele (Slovensko)
|2 SNKKA
|9 186531
|
| 610 |
2 |
7 |
|a Hotel Slávia (Bardejov, Slovensko)
|2 SNKKA
|9 437449
|
| 650 |
0 |
7 |
|a kúpele
|2 SNKPH
|9 1139
|
| 650 |
0 |
7 |
|a hotely
|2 SNKPH
|9 18422
|
| 651 |
|
7 |
|a Bardejovské Kúpele (Bardejov, Slovensko)
|2 SNKPHgeo
|9 187552
|
| 655 |
|
7 |
|a miestne pohľadnice
|2 SNKPH
|9 70510
|
| 752 |
|
|
|a Slovensko
|d Bardejov
|
| 852 |
|
|
|a Slovenská národná knižnica
|
| 958 |
|
|
|a EUIPO
|
| 958 |
|
|
|a GBN
|
| 958 |
|
|
|a GC
|
| 958 |
|
|
|a OND
|
| 999 |
|
|
|c 949441
|d 951371
|
| 952 |
|
|
|a SNK
|b SNK
|y PREZ
|7 0
|p 17A1379296
|o snkSP 86739
|z Pohľadnica prešla poštou.
|0 0
|1 0
|4 0
|d 2019-11-12
|f 1
|l 0
|r 2026-02-24 09:44:25
|w 2026-02-24
|